| 000 | 00852nam a2200241 u 4500 | ||
|---|---|---|---|
| 005 | 20220930064110.0 | ||
| 008 | 151117s2004 r 000 0 eng d | ||
| 020 | _a9703213812 | ||
| 035 | _aUPN01000206873 | ||
| 049 | _aF | ||
| 050 | 4 |
_aHV6431 _bA5.2 |
|
| 100 | 1 |
_aAntal, Edit _938308 |
|
| 245 | 1 | 0 |
_aDebates sobre la guerra contra el terrorismo : _buna perspectiva transatlántica / _cEdit Antal. |
| 260 |
_aMéxico : _bUniversidad Nacional Autónoma de México : _bCentro de Investigaciones Sobre América del Norte, _cc2004. |
||
| 300 | _a46 p. | ||
| 440 | 0 |
_aCuadernos de América del Norte ; _v1 |
|
| 650 | 2 |
_aTerrorismo _917867 |
|
| 650 | 0 |
_aAtaques terroristas del 11 de septiembre, 2001 _98520 |
|
| 651 | 4 |
_aESTADOS UNIDOS - _xRELACIONES EXTERIORES _97548 |
|
| 905 | _aLibro | ||
| 999 |
_c178974 _d178974 |
||